00250nam a22001097a 4500003000400000082001800004100002200022245003900044260002600083300000700109650002400116SGT a617.645bA25S aShokhanda, Mahima aAntibiotics in Pediatric Dentistry bSGT University c2025 a68 aPediatric Dentistry